| 000 | 00485nam a2200193Ia 4500 | ||
|---|---|---|---|
| 008 | 180628s9999 xx 000 0 und d | ||
| 020 | _a978-0-553-21102-3 | ||
| 050 | _aCLA D53o | ||
| 050 | _b2005 | ||
| 100 | _aDickens, Charles. | ||
| 245 | 0 | _aOliver twist / | |
| 245 | 0 | _cCharles Dickens; with an introduction by Irving Howe. | |
| 260 | _aNew York : | ||
| 260 | _bBantam Books, | ||
| 260 | _c2005 | ||
| 300 | _a445 pages: | ||
| 300 | _c18 cm. | ||
| 500 | _aBantam classic. | ||
| 999 |
_c358089 _d358089 |
||